The welfare state in Britain since 1945 (Record no. 75634)

MARC details
000 -LEADER
fixed length control field 00825nam a2200253Ia 4500
008 - FIXED-LENGTH DATA ELEMENTS--GENERAL INFORMATION
fixed length control field 191130s2005##################000#0#eng##
020 ## - INTERNATIONAL STANDARD BOOK NUMBER
ISBN 9781403911926
082 ## - DEWEY DECIMAL CLASSIFICATION NUMBER
Classification number 361.610941 LOW
100 ## - MAIN ENTRY--AUTHOR NAME
Personal name Lowe, Rodney
245 ## - TITLE STATEMENT
Title The welfare state in Britain since 1945
Statement of responsibility, etc Rodney Lowe
250 ## - EDITION STATEMENT
Edition statement 3rd ed
260 ## - PUBLICATION, DISTRIBUTION, ETC. (IMPRINT)
Place of publication Basingstoke, Hampshire
Name of publisher Palgrave Macmillan
Year of publication 2005
300 ## - PHYSICAL DESCRIPTION
Number of Pages xiii, 513 p. : ill. ; 25 cm
500 ## - GENERAL NOTE
General note Includes bibliographical references (p. 456-504) and index
650 ## - SUBJECT ADDED ENTRY--TOPICAL TERM
Topical Term Great Britain - Economic policy
Topical Term Great Britain - Politics and government - 1945-
Topical Term Great Britain - Social policy
Topical Term Welfare state - Great Britain
991 ## -
-- 353633
Holdings
Withdrawn status Lost status Damaged status Not for loan Home library Current library Shelving location Date acquired Full call number Accession Number Price effective from Koha item type
        Anna Centenary Library Anna Centenary Library 4TH FLOOR, A WING 09.10.2020 361.610941 LOW 306634 09.10.2020 English Books

Find us on the map